Loading...
| Literature - American | 2 | 4 | 0 | 1 | 70 | 57 | 108.17 | 0 | 5 | 12.86 | 34.38 |
| Literature - European | 2 | 2 | 0 | 1 | 50 | 27 | 90.75 | 2 | 3 | 12.31 | 22.92 |
| Literature - World | 2 | 2 | 1 | 0 | 45 | 33 | 73.25 | 2 | 4 | 16.84 | 30.21 |
| Philosophy | 1 | 3 | 1 | 1 | 40 | 68 | 103.25 | 1 | 3 | 8.63 | 22.92 |
| Literature - British | 0 | 5 | 2 | 1 | 40 | 91 | 112.80 | 0 | 3 | 8.44 | 26.04 |
| History - World | 1 | 1 | 0 | 0 | 25 | 60 | 60.50 | 0 | 2 | 7.65 | 13.46 |
| Science - Physics | 0 | 2 | 0 | 0 | 20 | 71 | 87.00 | 1 | 1 | 4.96 | 12.50 |
| Fine Arts - Visual | 1 | 0 | 0 | 0 | 15 | 54 | 54.00 | 0 | 1 | 5.29 | 5.21 |
| Mythology | 0 | 1 | 0 | 0 | 10 | 77 | 77.00 | 0 | 1 | 4.02 | 6.82 |
| Science - Other | 0 | 1 | 0 | 0 | 10 | 94 | 94.00 | 0 | 1 | 2.40 | 6.25 |